| 000 | 00738cab a2200241 4500 | ||
|---|---|---|---|
| 001 | WB3503-18 | ||
| 008 | 090401t1999 xxu||||| |||| 00| 0 eng d | ||
| 035 | _a(Sirsi) u90823 | ||
| 041 | _aeng | ||
| 245 | _aCall centres ring changes | ||
| 260 | _c1999 | ||
| 350 | _a0 | ||
| 490 |
_aFinancial Times _v19 January 1999, 12(2) |
||
| 520 | _aJobs in call centres have replaced those lost in South Yorkshire`s coal industry. Several firms have opened centres in the region during the last 18 months. Examples. | ||
| 650 | _aCALL CENTRES | ||
| 650 | _aMINING COMMUNITIES | ||
| 650 | _aPIT CLOSURES | ||
| 650 | _aSERVICE SECTOR | ||
| 650 | _aSOUTH YORKSHIRE | ||
| 690 | _aECONOMIC AND SOCIAL | ||
| 942 | _n0 | ||
| 948 | _c20/01/1999 | ||
| 999 |
_c57607 _d57607 |
||